טוען...
Communism and cultural heritage
| מחבר ראשי: | |
|---|---|
| פורמט: | Printed Book |
| יצא לאור: |
Moscow
Progress publishers
1984
|
| נושאים: |
| LEADER | 00535nam a22001337a 4500 | ||
|---|---|---|---|
| 082 | |a 306.345 |b BAL/C | ||
| 100 | |a Baller,E. | ||
| 245 | |a Communism and cultural heritage | ||
| 260 | |a Moscow |b Progress publishers |c 1984 | ||
| 300 | |a 266p. | ||
| 650 | |a Cultural revolution: | ||
| 942 | |c BK | ||
| 999 | |c 315245 |d 315245 | ||
| 952 | |0 0 |1 0 |4 0 |6 306_345000000000000_BAL_C |7 0 |8 NFIC |9 337165 |a RUS |b RUS |c GEN |d 2020-11-30 |l 0 |o 306.345 BAL/C |p RUS13654 |r 2020-11-30 |w 2020-11-30 |x Gift from House of Soviet cultural centre,TVM |y BK |x Gift from House of Soviet cultural centre,TVM | ||